000 00610nam a2200217Ia 4500
999 _c45123
_d45123
001 11946
003 GE_BSU
005 20200131132345.0
008 181216s||||||||xx |||||||||||||| ||und||
020 _a9780006510659
040 _cGE_BSU
080 _a821.111-312.4
100 _aHill,Reginald
_96629
245 _aDream of darkness:I had a dream which was not all a dream Byron:Darkness
260 _aLondon
260 _bHarper Collins publishers.
260 _c1997.
300 _a255p;18cm.
653 _aDream of darkness:I had a dream which was not all a dream Byron:Darkness
942 _cBK
_2udc